| 000 | 00556cam a2200229ua 4500 | ||
|---|---|---|---|
| 020 | _c13.50 | ||
| 041 |
_aeng _h |
||
| 082 |
_a537 _bVAS/FU |
||
| 100 | _aVasudeva, D N . | ||
| 245 |
_aFundamentals of magnetism and electricity / _cD N Vasudeva. _hTextual Documents |
||
| 250 |
_a7 / _b. |
||
| 260 |
_aNew Delhi : _bS.Chand and Co , _c1966. |
||
| 300 | _a827 ; . | ||
| 365 | _a13.50 | ||
| 504 | _a | ||
| 942 | _cBK | ||
| 999 |
_c7170 _d7170 |
||